Normal view
MARC view
Entry Topical Term
001 - CONTROL NUMBER
- control field: 222829
003 - CONTROL NUMBER IDENTIFIER
- control field:
005 - DATE AND TIME OF LATEST TRANSACTION
- control field: 20210601202432.0
008 - FIXED-LENGTH DATA ELEMENTS
- fixed length control field: 210601|| aca||aabn | a|a d
040 ## - CATALOGING SOURCE
- Original cataloging agency:
- Transcribing agency:
150 ## - HEADING--TOPICAL TERM
- Topical term or geographic name entry element: Industrial relations
- Geographic subdivision: Great Britain
- General subdivision: Case studies
670 ## - SOURCE DATA FOUND
- Source citation: Work cat.: (): Boraston, Ian 222827, Workplace and union :, 1975
